000 00477nam a22001697a 4500
005 20251108173034.0
008 250721s2001 xx 000 0 ara d
082 1 4 _a211/ فقي
100 1 _aالفقير، نوح
245 1 0 _aعبق الريحان في علوم القرآن /
264 1 _aعمان :
_bالمؤلف،
_c2001.
300 _a224ص.
650 1 7 _aالعلوم القرآنية
650 1 7 _aبلاغة القرآن
942 _2ddc
_cBK
999 _c94632
_d94632